Typológia podnikov podľa právnej formy bakalárska práca

Enregistré dans:
Détails bibliographiques
Auteur principal: Ladniaková, Katarína
Collectivité auteur: Fakulta podnikového manažmentu EU. Katedra podnikovohospodárska
Autres auteurs: Deáková, Stanislava, 1974-
Format: Livre
Langue:slovaque
Publié: Bratislava 2011
Tags: Ajouter un tag
Pas de tags, Soyez le premier à ajouter un tag!

MARC

LEADER 00000nbm a2200000 4500
001 0140147
005 20161109111708.4
041 0 |a slo 
044 |a SK 
245 1 0 |a Typológia podnikov podľa právnej formy  |b bakalárska práca  |c Katarína Ladniaková ; školiteľ: Stanislava Deáková 
264 1 |a Bratislava  |c 2011 
300 |a 45 s. 
100 1 |a Ladniaková, Katarína 
700 1 |a Deáková, Stanislava, 1974- 
710 2 |a Fakulta podnikového manažmentu EU. Katedra podnikovohospodárska